000 02427nam a22002897a 4500
003 DO-CoUTE
005 20260511144536.0
008 260511b dr ||||| |||| 00| 0 spa d
040 _aDO-CoUTE
_bspa
_cDO-CoUTE
041 _aspa
092 _aING 2026 N85
100 1 _aNúñez Núñez, José Osvaldo
_eSustentante
245 1 0 _aAnálisis y Diseño de Estructuras Sismorresistentes en Zonas Vulnerables. /
_cJosé Osvaldo Núñez Núñez, Bryan Emmanuel Sánchez Vargas, Luis Ángel Díaz Rosario, Dilbania Mercedes Reynoso Santiago ; Asesor, Luis Manuel Núñez.
260 _aCotuí, República Dominicana ;
_bUTECO,
_c2026
300 _a81 Hojas :
_bGraficos,
_c23cm,
_e+ 1 CD-ROM
502 _aTrabajo de Grado (Ingeniero Civil ) Universidad Tecnológica del Cibao Oriental, 2026.
504 _a Incluye referencia bibliográfica e índice.
520 _aEste proyecto de investigación estuvo orientado a evaluar la vulnerabilidad sísmica de edificaciones ubicadas en zonas vulnerables del municipio de Cotuí, provincia Sánchez Ramírez, y a proponer soluciones de diseño sismorresistente conforme al Reglamento Sísmico Dominicano R-001. El estudio consideró las condiciones geológicas y constructivas propias de la zona. La metodología utilizada fue de enfoque cuantitativo, con un diseño no experimental y descriptivo, apoyada en investigación documental y de campo. La recolección de datos se realizó mediante un cuestionario aplicado a edificaciones seleccionadas, cuyos resultados permitieron identificar deficiencias estructurales relacionadas con la falta de criterios sismorresistentes y la antigüedad de las construcciones. A partir de los resultados obtenidos, se desarrolló una propuesta de diseño y modelado estructural utilizando software especializado, con el objetivo de mejorar el desempeño sísmico de las edificaciones y reducir el riesgo estructural, contribuyendo a la protección de vidas humanas
650 4 _aDiseño de estructura sismorresistente
700 1 _aJosé Osvaldo Núñez Núñez
_eSustentante
700 1 _aBryan Emmanuel Sánchez Vargas
_eSustentante
700 1 _aLuis Ángel Díaz Rosario
_eSustentante
700 1 _aLuis Manuel Núñez.
_eAsesor
830 _aTesis y disertaciones académicas (Universidad Tecnológica del Cibao Oriental)
856 _yHaga Click Aquí para Descargar en Texto Completo
942 _2ddc
_cTH
999 _c24184
_d24184